| 000 | 00572nam a2200193Ia 4500 | ||
|---|---|---|---|
| 003 | SISC | ||
| 005 | 20181121070140.0 | ||
| 008 | 181119s9999 xx 000 0 und d | ||
| 020 | _a9780805330755 | ||
| 050 |
_aQD 33 _b.S134 2002 |
||
| 100 | _aSackheim, George I. | ||
| 245 |
_aAn introduction to chemistry for biology students/ _cGeorge I. Sackheim |
||
| 260 |
_aCA : _bAddison Wesley _c2002 |
||
| 300 |
_aviii, 301 pages : _billustrated ; _c23 cm. |
||
| 500 | _aIncludes index | ||
| 650 | _aChemistry -- Programmed instruction | ||
| 942 |
_2lcc _cBK |
||
| 999 |
_c359440 _d359440 |
||